MLB Stadiums - Statistics

General Stats
  • This quiz has been taken 17 times
  • The average score is 13 of 30
Answer Stats
Hint Answer % Correct
Boston Red Sox fenway park
90%
Baltimore Orioles camden yards
70%
Cleveland Indians progressive field
70%
Tampa Bay Rays tropicana field
70%
Chicago Cubs wrigley field
70%
New York Yankees yankee stadium
70%
Atlanta Braves sun trust park
60%
Minnesota Twins target field
60%
Los Angeles Angels angel stadium
50%
St. Louis Cardinals busch stadium
50%
New York Mets citi field
50%
San Francisco Giants at&t park
40%
Arizona Diamondbacks chase field
40%
Cincinnatti Reds great american ball park
40%
Kansas City Royals kaufman stadium
40%
Houston Astros minute maid park
40%
Washington Nationals nationals park
40%
San Diego Padres petco park
40%
Pittsburgh Pirates pnc park
40%
Toronto Blue Jays rogers centre
40%
Philadelphia Phillies citizens bank park
30%
Colorado Rockies coors field
30%
Los Angeles Dodgers dodgers stadium
30%
Chicago White Sox guaranteed rate field
30%
Miami Marlins marlins park
30%
Milwaukee Brewers miller park
30%
Seattle Mariners safeco field
30%
Detroit Tigers comercia park
20%
Texas Rangers globe life park
20%
Oakland Athletics oakland alameda coliseum
10%
No matching quizzes found
Score Distribution
Percent of People with Each Score
Percentile by Number Answered
Your Score History
You have not taken this quiz